00268 a2200109 4500000002500000100001900025110001900044245002900063250002000092260002300112264002300135 nam a22 7a 4500 aSingh, Anand  aSingh, Anand  aNalanda: A Glorious Past aLatest edition  bPrimus Booksc2025 bPrimus Booksc2025